000 00730nam a2200265Ia 4500
005 20260121165607.0
008 008 260114s9999 xx 000 0 eng d
020 _a9783319245515
037 _aEBOOK
040 _aCRL
040 _beng
040 _cCRL
041 _2eng
041 _aeng
084 _qCRL
100 _aDonna L. Gruol, Noriyuki Koibuchi, Mario Manto, Marco Molinari, Jeremy D. Schmahmann, Ying Shen
_91053653
245 0 _aEssentials of Cerebellum and Cerebellar Disorders
260 _bSpringer
260 _bSpringer
260 _c2016
856 _uhttps://link.springer.com/openurl?genre=book&isbn=978-3-319-24551-5
942 _cEBOOK
999 _c1619379
_d1619379